Selected Impacts of Quality Costs during the Economic Crisis

Kvalita a náklady na kvalitu v podniku v období krízy. Ekonomická kríza, jej vplyv na ekonomický vývoj. Vzťahy medzi manažmentom kvality a ekonomickou krízou. Priame dopady krízy a monitorovanie nákladov. Manažment nákladov.

Gespeichert in:
Bibliographische Detailangaben
1. Verfasser: Mizla, Martin, 1955-
Format: Buchkapitel
Sprache:Englisch
Schlagworte:
Tags: Tag hinzufügen
Keine Tags, Fügen Sie das erste Tag hinzu!

MARC

LEADER 00000naa$a2200000$$$4500
001 0157416
005 20240502083350.2
041 0 |a eng 
044 |a PL 
245 1 0 |a Selected Impacts of Quality Costs during the Economic Crisis  |c Martin Mizla 
520 |a Kvalita a náklady na kvalitu v podniku v období krízy. Ekonomická kríza, jej vplyv na ekonomický vývoj. Vzťahy medzi manažmentom kvality a ekonomickou krízou. Priame dopady krízy a monitorovanie nákladov. Manažment nákladov. 
610 2 0 |a kvalita 
610 2 0 |a náklady na kvalitu 
610 2 0 |a riadenie kvality 
610 2 0 |a kríza 
100 1 |a Mizla, Martin, 1955-